| 000 | 01077nam a22002657a 4500 | ||
|---|---|---|---|
| 005 | 20240530110936.0 | ||
| 008 | 221015s2021 ua af f 000 0 ara d | ||
| 017 |
_a2020/20507 _bمصر. دار الكتب |
||
| 020 | _a9789776809147 | ||
| 040 |
_aEG-CaGPL _cEG-CaGPL |
||
| 082 | 0 | 4 |
_221 _a930.1 _bق/ر أ |
| 100 | 0 | _aمحمد رجب ابراهيم احمد | |
| 245 | 1 | 0 |
_aاثار المنيا فى ضوء التقنيات الحديثة / _cاعداد محمد رجب ابراهيم احمد ؛ مراجعة وتقديم جلال احمد ابوبكر |
| 250 | _aط. 1 | ||
| 260 |
_aالجيزة : _bالمؤسسة الدولية للكناب، _c2021 |
||
| 300 |
_a397 ص. : _bايض. ؛ _c24 سم. |
||
| 650 | 0 | 7 |
_2qrmak _aالحضارة المصرية القديمة |
| 650 | 0 | 7 | _aالفن المصرى القديم |
| 650 | 0 | 7 | _aالاثار الفرعونية |
| 650 | 0 | 7 | _aالزخرفة |
| 651 | 0 | 7 |
_aالمنيا _xاثار |
| 700 | 0 |
_aجلال احمد ابوبكر _eمقدم |
|
| 942 |
_cBK _2ddc |
||
| 999 |
_c66747 _d66747 |
||